[Event "Quebec-ch Elite POM"]
[Site "Montreal CAN"]
[Date "2010.10.11"]
[Round "6"]
[White "Sarrazin-Gendron, Roman"]
[Black "Le Duin, Thierry"]
[Result "1-0"]
[WhiteElo "2010"]
[BlackElo "1902"]
[PlyCount "85"]
[EventDate "2010.10.08"]
[EventType "swiss"]
[EventRounds "7"]
[EventCountry "CAN"]

1. Nf3 Nf6 2. c4 c5 3. g3 Nc6 4. Bg2 e5 5. O-O Be7 6. e3 O-O 7. Nc3 d6 8. a3
Be6 9. b3 h6 10. d4 Bg4 11. Ne2 Qb6 12. h3 Bh5 13. Bb2 exd4 14. exd4 Na5 15.
Bc3 Bg6 16. Nd2 Nc6 17. d5 Ne5 18. f4 Ned7 19. f5 Bh7 20. Be4 Ne5 21. Bc2 Rae8
22. Nf4 Qc7 23. Rf2 Qc8 24. g4 Nfd7 25. Ne4 Nf6 26. Ng3 Nfd7 27. Ng2 Bf6 28.
Ne4 Qc7 29. Qd2 Bd8 30. Raf1 Nf6 31. Ng3 Nfxg4 32. hxg4 Nxg4 33. f6 Nxf2 34.
Bxh7+ Kxh7 35. fxg7 Nh3+ 36. Kh2 Ng5 37. gxf8=Q Rxf8 38. Qd3+ Kg8 39. Nf5 f6
40. Nxh6+ Kg7 41. Nh4 Qd7 42. Qg6+ Kh8 43. Qxg5 1-0

[Event "Quebec-ch Elite POM"]
[Site "Montreal CAN"]
[Date "2010.10.11"]
[Round "7"]
[White "Bolduc, Steve"]
[Black "Rousseau, Daniel"]
[Result "1-0"]
[WhiteElo "2281"]
[BlackElo "2150"]
[PlyCount "55"]
[EventDate "2010.10.08"]
[EventType "swiss"]
[EventRounds "7"]
[EventCountry "CAN"]

1. d4 Nf6 2. Nf3 g6 3. Nc3 Bg7 4. e4 d6 5. h3 O-O 6. Be3 c6 7. Qd2 Qa5 8. Bd3
b5 9. O-O Re8 10. e5 b4 11. Ne2 Nd5 12. Bh6 Ba6 13. Ng3 dxe5 14. Bxg7 Kxg7 15.
Nf5+ gxf5 16. Qg5+ Kh8 17. Nxe5 Rf8 18. Qh6 Kg8 19. Bxf5 Nf6 20. Rfe1 Nbd7 21.
Bxd7 Nxd7 22. Qg5+ Kh8 23. Nxf7+ Rxf7 24. Qxa5 Bb5 25. d5 Nf6 26. dxc6 Bxc6 27.
Qc7 Bd7 28. Rad1 1-0

[Event "Quebec-ch Elite POM"]
[Site "Montreal CAN"]
[Date "2010.10.11"]
[Round "7"]
[White "Forget, Luc"]
[Black "Plante, Michel"]
[Result "1/2-1/2"]
[WhiteElo "1949"]
[BlackElo "2024"]
[PlyCount "93"]
[EventDate "2010.10.08"]
[EventType "swiss"]
[EventRounds "7"]
[EventCountry "CAN"]

1. d4 d6 2. Nf3 g6 3. g3 Bg7 4. Bg2 Nd7 5. O-O e5 6. dxe5 dxe5 7. e4 Ngf6 8.
Nc3 O-O 9. h3 c6 10. a4 a5 11. Be3 h6 12. Qd2 Kh7 13. Rad1 Qe7 14. Qd6 Re8 15.
Qxe7 Rxe7 16. Nd2 Bf8 17. Nc4 Re6 18. f4 exf4 19. gxf4 Bc5 20. Bxc5 Nxc5 21. e5
Nfd7 22. Nd6 f5 23. Ne2 Re7 24. b3 Ne6 25. h4 h5 26. Nd4 Nxd4 27. Rxd4 Nc5 28.
Kh2 Be6 29. Rfd1 Rd7 30. Kg3 Rad8 31. Kf2 Na6 32. R4d2 Nb4 33. c3 Na6 34. Nc4
Rxd2+ 35. Rxd2 Rxd2+ 36. Nxd2 Nc5 37. c4 Kg7 38. Ke3 Bf7 39. Bf3 Kf8 40. Bd1
Ke7 41. Bc2 Ne6 42. Nf3 c5 43. Bd1 Be8 44. Nd2 Bc6 45. Nb1 Nd4 46. Nc3 Ke6 47.
Nb5 1/2-1/2

[Event "Quebec-ch Elite POM"]
[Site "Montreal CAN"]
[Date "2010.10.11"]
[Round "7"]
[White "Giroux, Robert"]
[Black "Luo, Zhao Yang"]
[Result "1-0"]
[WhiteElo "2070"]
[BlackElo "1829"]
[PlyCount "93"]
[EventDate "2010.10.08"]
[EventType "swiss"]
[EventRounds "7"]
[EventCountry "CAN"]

1. d4 Nf6 2. c4 g6 3. Nc3 Bg7 4. e4 d6 5. Be2 O-O 6. f4 c5 7. Nf3 e6 8. dxc5
dxc5 9. Qxd8 Rxd8 10. e5 Ne8 11. Be3 b6 12. O-O Bb7 13. Rfd1 Nc6 14. Rxd8 Rxd8
15. Rd1 Rxd1+ 16. Bxd1 Ne7 17. Ng5 Nf5 18. Bf2 h6 19. Nge4 Bf8 20. g4 Nd4 21.
Bh4 Bc6 22. Bd8 b5 23. cxb5 Nxb5 24. Nxb5 Bxb5 25. Nc3 Bc6 26. Ba4 Bxa4 27.
Nxa4 Ng7 28. Kf2 h5 29. h3 Ne8 30. Ke3 Kg7 31. Kd3 f6 32. Kc4 Kf7 33. Nxc5 Bh6
34. g5 fxg5 35. fxg5 Bg7 36. Nd7 Bf8 37. Nxf8 Kxf8 38. Kb5 Ng7 39. Ka6 Nf5 40.
Kxa7 Nd4 41. Kb6 Ke8 42. Bf6 Ne2 43. a4 Nf4 44. a5 Nxh3 45. a6 Nf4 46. a7 Nd5+
47. Kb7 1-0

[Event "Quebec-ch Elite POM"]
[Site "Montreal CAN"]
[Date "2010.10.11"]
[Round "7"]
[White "Hajiyev, Elshad"]
[Black "Chiffot, Nicolas"]
[Result "1-0"]
[WhiteElo "2126"]
[BlackElo "2048"]
[PlyCount "55"]
[EventDate "2010.10.08"]
[EventType "swiss"]
[EventRounds "7"]
[EventCountry "CAN"]

1. d4 Nf6 2. Bg5 e6 3. e4 h6 4. Bxf6 Qxf6 5. Nc3 Bb4 6. Qd2 c5 7. e5 Qd8 8. a3
Qa5 9. O-O-O cxd4 10. axb4 dxc3 11. Qxc3 Qd8 12. f4 Nc6 13. Nf3 a6 14. f5 Qb6
15. Rd6 Qxb4 16. Rxc6 Qf4+ 17. Kb1 dxc6 18. f6 gxf6 19. exf6 Qc7 20. Ne5 Rf8
21. Qa3 Qd8 22. Nc4 Qxf6 23. Nd6+ Kd7 24. Be2 Kc7 25. Rf1 Qe5 26. Nc4 Qd5 27.
Qxf8 b5 28. Rxf7+ 1-0

[Event "Quebec-ch Elite POM"]
[Site "Montreal CAN"]
[Date "2010.10.11"]
[Round "7"]
[White "Le Duin, Thierry"]
[Black "Zhu, Hong Rui"]
[Result "1/2-1/2"]
[WhiteElo "1902"]
[BlackElo "1935"]
[PlyCount "105"]
[EventDate "2010.10.08"]
[EventType "swiss"]
[EventRounds "7"]
[EventCountry "CAN"]

1. d4 d5 2. Nf3 Nf6 3. Bg5 e6 4. e3 Bd6 5. Nbd2 O-O 6. Ne5 c5 7. c3 c4 8. b3 b5
9. a4 b4 10. bxc4 bxc3 11. Nb1 Qa5 12. Qc2 Bxe5 13. dxe5 Ne4 14. Be7 Re8 15.
Bd6 Nc6 16. cxd5 exd5 17. Bb5 Bd7 18. O-O Nxe5 19. Bxd7 Nxd7 20. Bf4 Rac8 21.
Rd1 Nb6 22. Rd4 h6 23. h4 Rc4 24. f3 Nf6 25. Rxc4 Nxc4 26. Kf2 d4 27. exd4 Nd5
28. Bc1 Qb6 29. Qd3 Nb2 30. Qf1 Qxd4+ 31. Kg3 Qe5+ 32. f4 Qe1+ 33. Qxe1 Rxe1
34. Nxc3 Nxc3 35. Bxb2 Rxa1 36. Bxa1 Nxa4 37. Bd4 Nb6 38. Kf3 h5 39. Ke4 f6 40.
Bc5 Kf7 41. f5 g6 42. Kf4 Nd5+ 43. Ke4 Nc3+ 44. Kf4 a5 45. g4 Nb5 46. fxg6+
Kxg6 47. gxh5+ Kxh5 48. Kf5 Kxh4 49. Kxf6 Kg4 50. Ke5 Kf3 51. Kd5 Ke2 52. Kc4
Nc7 53. Bb6 1/2-1/2

[Event "Quebec-ch Elite POM"]
[Site "Montreal CAN"]
[Date "2010.10.11"]
[Round "7"]
[White "Lepine, Cedric"]
[Black "Gauthier, Denis"]
[Result "1/2-1/2"]
[WhiteElo "1911"]
[BlackElo "1920"]
[PlyCount "101"]
[EventDate "2010.10.08"]
[EventType "swiss"]
[EventRounds "7"]
[EventCountry "CAN"]

1. d4 Nf6 2. c4 e6 3. Nc3 Bb4 4. a3 Bxc3+ 5. bxc3 d6 6. e3 O-O 7. Bd3 c5 8. Ne2
e5 9. O-O Nc6 10. d5 Ne7 11. e4 Ng6 12. Ng3 Re8 13. Nh5 Nxh5 14. Qxh5 Qf6 15.
Bg5 Nf4 16. Qh4 Qg6 17. Bxf4 exf4 18. Qxf4 Re5 19. Qd2 Bd7 20. f4 Qh6 21. Rf2
Ree8 22. Re1 f6 23. Bc2 Re7 24. Qd1 Rae8 25. g3 Qh3 26. Ba4 Rxe4 27. Rxe4 Rxe4
28. Bxd7 Qxd7 29. Qd3 Qe8 30. Kg2 Re3 31. Qc2 Qe4+ 32. Qxe4 Rxe4 33. Kf3 Rxc4
34. Rc2 f5 35. Ke2 Kf7 36. Kd3 Re4 37. c4 Re1 38. Rb2 b6 39. a4 Ra1 40. Re2
Ra3+ 41. Kc2 Ra2+ 42. Kd3 Rxe2 43. Kxe2 Ke7 44. Kd3 Kd7 45. a5 bxa5 46. Kc3 Kc7
47. Kb3 Kb6 48. h4 h5 49. Ka4 Ka6 50. Kb3 Kb6 51. Ka4 1/2-1/2

[Event "Quebec-ch Elite POM"]
[Site "Montreal CAN"]
[Date "2010.10.11"]
[Round "7"]
[White "Qin, Zi Yi (Joey)"]
[Black "Castellanos, Renier"]
[Result "0-1"]
[WhiteElo "2190"]
[BlackElo "2430"]
[PlyCount "90"]
[EventDate "2010.10.08"]
[EventType "swiss"]
[EventRounds "7"]
[EventCountry "CAN"]

1. e4 c5 2. Nf3 e6 3. d4 cxd4 4. Nxd4 a6 5. Be2 Nf6 6. Nc3 Qc7 7. O-O d6 8. Be3
b5 9. a4 b4 10. Na2 Nxe4 11. Nxb4 d5 12. Nd3 Bd6 13. f4 Nd7 14. Qe1 Bb7 15. Rc1
O-O 16. Qh4 Nb6 17. b3 Be7 18. Qh3 Nd7 19. Nf2 Nc3 20. Bd3 Nf6 21. Ng4 Nfe4 22.
f5 exf5 23. Nxf5 Bc5 24. Bxc5 Qxc5+ 25. Kh1 f6 26. Rf4 Qc7 27. Rcf1 Rae8 28.
Nge3 Ng5 29. Qh4 Nce4 30. c4 Nd2 31. Rd1 dxc4 32. bxc4 Nde4 33. Nd5 Qe5 34.
Bxe4 Nxe4 35. Qg4 g6 36. h3 Kh8 37. Nfe3 f5 38. Qf3 g5 39. Rxe4 Qxe4 40. Qh5 f4
41. Ng4 f3 42. Ngf6 fxg2+ 43. Kh2 Qe5+ 44. Kg1 Rxf6 45. Nxf6 Qe1+ 0-1

[Event "Quebec-ch Elite POM"]
[Site "Montreal CAN"]
[Date "2010.10.11"]
[Round "7"]
[White "Sambuev, Bator"]
[Black "Arsenault, Nicolas"]
[Result "1-0"]
[WhiteElo "2573"]
[BlackElo "2225"]
[PlyCount "53"]
[EventDate "2010.10.08"]
[EventType "swiss"]
[EventRounds "7"]
[EventCountry "CAN"]

1. d4 Nf6 2. c4 e6 3. Nc3 Bb4 4. e3 O-O 5. Bd3 d5 6. Nf3 c5 7. O-O Nc6 8. h3
Re8 9. Qe2 a6 10. Rd1 Qc7 11. a3 Bxc3 12. bxc3 h6 13. Bb2 b6 14. cxd5 exd5 15.
c4 cxd4 16. Nxd4 Ne5 17. cxd5 Nxd3 18. Qxd3 Nxd5 19. Nf5 Bxf5 20. Qxf5 Ne7 21.
Qg4 Ng6 22. Rac1 Qe7 23. Rd7 Qe6 24. Qd4 f6 25. Rcc7 Re7 26. Rxe7 Nxe7 27. Rxe7
1-0

[Event "Quebec-ch Elite POM"]
[Site "Montreal CAN"]
[Date "2010.10.11"]
[Round "7"]
[White "Villeneuve, Robert"]
[Black "Corriveau, Philippe"]
[Result "1/2-1/2"]
[WhiteElo "1875"]
[BlackElo "2003"]
[PlyCount "43"]
[EventDate "2010.10.08"]
[EventType "swiss"]
[EventRounds "7"]
[EventCountry "CAN"]

1. e4 c6 2. d4 d5 3. exd5 cxd5 4. c4 Nf6 5. Nc3 e6 6. Nf3 Be7 7. Bd3 dxc4 8.
Bxc4 a6 9. a4 Nc6 10. O-O Nb4 11. Qe2 O-O 12. Bg5 b6 13. Rfe1 Ra7 14. Rad1 Bb7
15. Ne5 Bd5 16. Nxd5 Nfxd5 17. Bd2 Qa8 18. Qe4 Bd6 19. Bc1 Nf6 20. Qh4 Rc7 21.
b3 Nfd5 22. Qe4 1/2-1/2

[Event "Quebec-ch U10"]
[Site "Montreal CAN"]
[Date "2010.11.27"]
[Round "2"]
[White "Wang, Kelly"]
[Black "Yip, Mattew"]
[Result "1-0"]
[WhiteElo "1523"]
[BlackElo "977"]
[PlyCount "73"]
[EventDate "2010.11.26"]
[EventType "swiss"]
[EventRounds "5"]
[EventCountry "CAN"]

1. e4 d5 2. exd5 Nf6 3. d4 Nxd5 4. Be2 g6 5. Nf3 Bg7 6. O-O Nc6 7. Bb5 O-O 8.
Bxc6 bxc6 9. Re1 Bf5 10. c3 Rb8 11. Na3 Re8 12. Nc4 Nb6 13. Ne3 Qd7 14. Nxf5
Qxf5 15. Ne5 Qf6 16. Re3 Nd5 17. Rf3 Qe6 18. Nxf7 Nf6 19. Ne5 Red8 20. Re3 Qd6
21. Re1 c5 22. Qf3 Rb6 23. Nc4 Qd5 24. Qxd5+ Rxd5 25. Nxb6 cxb6 26. dxc5 bxc5
27. Be3 Kf7 28. Rad1 Rf5 29. h3 h5 30. f3 a6 31. h4 Kg8 32. Bg5 Kf8 33. c4 Kf7
34. Re2 Kg8 35. Rxe7 Kf8 36. Ra7 Kg8 37. Rd8+ 1-0

[Event "Quebec-ch U10"]
[Site "Montreal CAN"]
[Date "2010.11.28"]
[Round "4"]
[White "Saine, Zachary"]
[Black "Sun, Benjamin"]
[Result "0-1"]
[WhiteElo "1203"]
[BlackElo "1347"]
[PlyCount "96"]
[EventDate "2010.11.26"]
[EventType "swiss"]
[EventRounds "5"]
[EventCountry "CAN"]

1. e4 c5 2. Nf3 Nc6 3. d4 cxd4 4. Nxd4 Nf6 5. Nc3 e6 6. Bf4 Bb4 7. Ndb5 e5 8.
Bg3 Nxe4 9. Bxe5 Nxe5 10. Qe2 d5 11. f3 Bxc3+ 12. Nxc3 Nxc3 13. Qxe5+ Qe7 14.
Qxe7+ Kxe7 15. bxc3 Bf5 16. O-O-O Rhd8 17. g4 Bg6 18. Bb5 Rac8 19. Rhe1+ Kf8
20. Kb2 Rc5 21. a4 a6 22. Bd3 Bxd3 23. Rxd3 b5 24. axb5 Rxb5+ 25. Kc1 a5 26.
Red1 Rc5 27. c4 Rxc4 28. Rxd5 Rdc8 29. Rd8+ Ke7 30. Rxc8 Rxc8 31. Rd3 Rd8 32.
Rxd8 Kxd8 33. Kb2 Kc7 34. Ka3 Kb6 35. Ka4 g5 36. h3 h6 37. c3 f6 38. Kb3 Kc5
39. Kb2 Kc4 40. Kc2 a4 41. Kb2 a3+ 42. Kc2 a2 43. Kb2 a1=Q+ 44. Kxa1 Kxc3 45.
Kb1 Kd3 46. Kc1 Ke3 47. Kd1 Kxf3 48. Ke1 Kg3 0-1

[Event "Quebec-ch U10"]
[Site "Montreal CAN"]
[Date "2010.11.28"]
[Round "4"]
[White "Wang, Kelly"]
[Black "Yip, William"]
[Result "1-0"]
[WhiteElo "1523"]
[BlackElo "1554"]
[PlyCount "71"]
[EventDate "2010.11.26"]
[EventType "swiss"]
[EventRounds "5"]
[EventCountry "CAN"]

1. e4 d5 2. exd5 Qxd5 3. Nc3 Qd6 4. d4 Nf6 5. Be2 a6 6. Nf3 e6 7. Bg5 Be7 8.
Bxf6 Bxf6 9. O-O Nc6 10. Ne4 Qf4 11. Nxf6+ Qxf6 12. c3 O-O 13. Bd3 Rd8 14. Qc2
h6 15. Rfe1 b5 16. Be4 Bb7 17. Ne5 Rd6 18. Nxc6 Bxc6 19. Bxc6 Rxc6 20. Qe4 e5
21. dxe5 Qe6 22. f4 Re8 23. f5 Qc4 24. Qd4 Qc5 25. Rad1 Rd8 26. Qxc5 Rxd1 27.
Qxc6 Rxe1+ 28. Kf2 Rxe5 29. Qxc7 Rxf5+ 30. Ke3 Rf6 31. b3 Kh7 32. c4 Re6+ 33.
Kd3 f6 34. c5 Re5 35. Qxe5 fxe5 36. c6 1-0

[Event "Quebec-ch U10"]
[Site "Montreal CAN"]
[Date "2010.11.28"]
[Round "5"]
[White "Sun, Benjamin"]
[Black "Wang, Kelly"]
[Result "1-0"]
[WhiteElo "1347"]
[BlackElo "1523"]
[PlyCount "59"]
[EventDate "2010.11.26"]
[EventType "swiss"]
[EventRounds "5"]
[EventCountry "CAN"]

1. e4 c5 2. Nf3 Nc6 3. d4 cxd4 4. Nxd4 g6 5. Nc3 Bg7 6. Be3 Nf6 7. Bc4 O-O 8.
f3 Qb6 9. Qd2 Nxe4 10. Nxe4 Bxd4 11. Bxd4 Qxd4 12. Qxd4 Nxd4 13. O-O-O Nf5 14.
Rhe1 d6 15. g4 Ng7 16. Ng5 h6 17. Nxf7 Rxf7 18. Rxe7 Be6 19. Bxe6 Nxe6 20. Rxe6
Rxf3 21. Rxg6+ Kh7 22. Rgxd6 Rh3 23. Rd7+ Kg6 24. Rxb7 Rxh2 25. Rd6+ Kg5 26.
Rb5+ Kxg4 27. Rd4+ Kf3 28. Rb3+ Kf2 29. Rd2+ Kg1 30. Rg3+ 1-0

[Event "Quebec-ch U12"]
[Site "Montreal CAN"]
[Date "2010.11.26"]
[Round "1"]
[White "Zhu, Hong Rui"]
[Black "Yu, Zong Yang"]
[Result "1-0"]
[WhiteElo "1911"]
[BlackElo "1172"]
[PlyCount "59"]
[EventDate "2010.11.26"]
[EventType "swiss"]
[EventRounds "5"]
[EventCountry "CAN"]

1. e4 c5 2. Nf3 d6 3. d4 cxd4 4. Nxd4 Nf6 5. Nc3 g6 6. Be3 Bg7 7. f3 Nc6 8. Qd2
O-O 9. Bc4 Bd7 10. O-O-O Rc8 11. Bb3 Ne5 12. Kb1 Nc4 13. Bxc4 Rxc4 14. g4 Qc7
15. h4 h5 16. gxh5 Nxh5 17. Nd5 Qd8 18. Ne2 Be6 19. Nef4 Nxf4 20. Nxf4 Ra4 21.
Nxe6 fxe6 22. Rdg1 Qe8 23. Bh6 Rf6 24. Bxg7 Kxg7 25. h5 Rc4 26. hxg6 Rxg6 27.
Qh6+ Kf6 28. Qh4+ Ke5 29. Rg5+ Kd4 30. Qf2# 1-0

[Event "Quebec-ch U12"]
[Site "Montreal CAN"]
[Date "2010.11.27"]
[Round "2"]
[White "Chang, Michael"]
[Black "Gu, Sheng Ming"]
[Result "0-1"]
[WhiteElo "1622"]
[BlackElo "1480"]
[PlyCount "102"]
[EventDate "2010.11.26"]
[EventType "swiss"]
[EventRounds "5"]
[EventCountry "CAN"]

1. c4 e6 2. Nf3 Nf6 3. d4 d5 4. Nc3 Bb4 5. a3 Bxc3+ 6. bxc3 h6 7. Bf4 Nbd7 8.
e3 c5 9. Bd3 O-O 10. Qc2 cxd4 11. cxd4 dxc4 12. Bxc4 b6 13. Bd3 Bb7 14. e4 Rc8
15. Qe2 Nh7 16. O-O Nb8 17. Rfd1 Re8 18. e5 f5 19. exf6 Qxf6 20. Be5 Bxf3 21.
Qxf3 Qxf3 22. Bxh7+ Kxh7 23. gxf3 Nd7 24. Rac1 Nxe5 25. dxe5 Red8 26. Rxc8
Rxd1+ 27. Kg2 Rd3 28. Rc6 Rxa3 29. Rxe6 g5 30. Re7+ Kg6 31. Kg3 b5 32. Rb7 a6
33. e6 Ra4 34. Rh7 Ra1 35. Rc7 b4 36. Rb7 a5 37. Rb5 Kf6 38. Rb6 Re1 39. Rb5
Ra1 40. Rb6 Rb1 41. f4 gxf4+ 42. Kxf4 b3 43. Ke3 a4 44. Ra6 b2 45. Kd2 Rc1 46.
e7+ Kxe7 47. Ra7+ Kd8 48. Ra8+ Kc7 49. Ra7+ Kb8 50. Re7 b1=Q 51. Re8+ Rc8 0-1

[Event "Quebec-ch U12"]
[Site "Montreal CAN"]
[Date "2010.11.27"]
[Round "2"]
[White "Shi, Ling Yun"]
[Black "Zhu, Hong Rui"]
[Result "0-1"]
[WhiteElo "1467"]
[BlackElo "1911"]
[PlyCount "114"]
[EventDate "2010.11.26"]
[EventType "swiss"]
[EventRounds "5"]
[EventCountry "CAN"]

1. e4 c5 2. Nf3 d6 3. d4 cxd4 4. Nxd4 Nf6 5. Nc3 g6 6. Be3 Bg7 7. f3 Nc6 8. Bc4
O-O 9. Qd2 Bd7 10. O-O-O Rc8 11. Bb3 Nxd4 12. Bxd4 b5 13. g4 a5 14. a3 b4 15.
axb4 axb4 16. Nd5 Nxd5 17. Bxg7 Kxg7 18. exd5 Qa5 19. Qd4+ Kg8 20. h4 Ba4 21.
Bxa4 Qxa4 22. Rh2 Rc5 23. Rd3 Rfc8 24. b3 Qa2 25. Qb2 Qa5 26. Rhd2 Rc3 27. Qb1
Qa3+ 28. Qb2 Qa7 29. Kb1 Qg1+ 30. Rd1 Qc5 31. Rxc3 bxc3 32. Qa2 Rc7 33. Qa8+
Kg7 34. Qa4 f6 35. Rd4 Rb7 36. f4 h6 37. f5 Ra7 38. Qb4 Qc8 39. Rc4 Qa8 40.
Qxc3 Qxd5 41. Kb2 gxf5 42. gxf5 Qxf5 43. Qg3+ Kf7 44. Qg1 Qe5+ 45. Qd4 Qxd4+
46. Rxd4 f5 47. b4 Ke6 48. Kb3 d5 49. c4 dxc4+ 50. Kxc4 Ke5 51. Rd5+ Ke4 52. b5
f4 53. b6 Ra4+ 54. Kb5 Kxd5 55. Kxa4 Kc6 56. Ka5 Kb7 57. Kb5 f3 0-1

[Event "Quebec-ch U12"]
[Site "Montreal CAN"]
[Date "2010.11.27"]
[Round "3"]
[White "Gu, Sheng Ming"]
[Black "Shi, Ling Yun"]
[Result "1-0"]
[WhiteElo "1480"]
[BlackElo "1467"]
[PlyCount "59"]
[EventDate "2010.11.26"]
[EventType "swiss"]
[EventRounds "5"]
[EventCountry "CAN"]

1. e4 c5 2. Nf3 d6 3. d4 cxd4 4. Nxd4 Nf6 5. Nc3 g6 6. Be3 Bg7 7. f3 O-O 8. Qd2
Nc6 9. Bc4 Bd7 10. O-O-O Rc8 11. Bb3 Nxd4 12. Bxd4 b5 13. h4 a5 14. h5 a4 15.
Bd5 e6 16. Bb7 Rb8 17. Ba6 Qa5 18. hxg6 fxg6 19. Bxf6 Bxf6 20. Qxd6 Bxc3 21.
Qxd7 Bxb2+ 22. Kb1 Bg7 23. Qxe6+ Kh8 24. Rxh7+ Kxh7 25. Rh1+ Bh6 26. Qe7+ Kg8
27. Rxh6 Rf7 28. Rxg6+ Kh8 29. Qe5+ Kh7 30. Qh5# 1-0

[Event "Quebec-ch U12"]
[Site "Montreal CAN"]
[Date "2010.11.28"]
[Round "4"]
[White "Zhu, Hong Rui"]
[Black "Gu, Sheng Ming"]
[Result "1-0"]
[WhiteElo "1911"]
[BlackElo "1480"]
[PlyCount "57"]
[EventDate "2010.11.26"]
[EventType "swiss"]
[EventRounds "5"]
[EventCountry "CAN"]

1. e4 c5 2. Nf3 e6 3. d4 cxd4 4. Nxd4 Nf6 5. Bd3 Nc6 6. Nxc6 dxc6 7. O-O Bd6 8.
Bg5 O-O 9. Nd2 Be7 10. Nf3 Nd7 11. Be3 Bc5 12. Bf4 Qb6 13. e5 f6 14. exf6 Nxf6
15. Be5 Ng4 16. Bg3 e5 17. h3 e4 18. Bxe4 Nxf2 19. Bxf2 Bxf2+ 20. Rxf2 Rf4 21.
Qd3 h6 22. Re1 Be6 23. Bh7+ Kh8 24. Rxe6 Rd8 25. Rd6 Re8 26. Bg6 Re1+ 27. Nxe1
Rxf2 28. Qd4 Qxd4 29. Rxd4 1-0

[Event "Quebec-ch U14"]
[Site "Montreal CAN"]
[Date "2010.11.26"]
[Round "1"]
[White "Luo, Zhao Yang"]
[Black "Ma, Indy"]
[Result "1-0"]
[WhiteElo "1963"]
[BlackElo "1559"]
[PlyCount "95"]
[EventDate "2010.11.26"]
[EventType "swiss"]
[EventRounds "5"]
[EventCountry "CAN"]

1. d4 Nf6 2. c4 e6 3. Bg5 Bb4+ 4. Nc3 O-O 5. e3 d5 6. Bd3 Be7 7. Nf3 Nbd7 8.
O-O b6 9. cxd5 exd5 10. Rc1 c5 11. Re1 Re8 12. Bb5 a6 13. Bc6 Rb8 14. Bf4 Bb7
15. Bxd7 Qxd7 16. Bxb8 Rxb8 17. Ne5 Qf5 18. Nf3 c4 19. b3 Ba3 20. Rc2 cxb3 21.
axb3 Rc8 22. Ree2 Bd6 23. Na4 Rxc2 24. Qxc2 Qxc2 25. Rxc2 Nd7 26. Nd2 Kf8 27.
f3 f5 28. f4 b5 29. Nc5 Nxc5 30. dxc5 Bc7 31. b4 Ke7 32. Nf3 g6 33. Nd4 Bc8 34.
h3 Bd7 35. Kf2 Kf6 36. Kf3 h5 37. Kf2 Ke7 38. Ra2 Bc8 39. Nc6+ Kd7 40. Na7 Bb7
41. c6+ Bxc6 42. Nxc6 Kxc6 43. Rxa6+ Bb6 44. Ke2 Kb7 45. Rxb6+ Kxb6 46. Kd3 Kc6
47. Kd4 Kd6 48. h4 1-0

[Event "Quebec-ch U14"]
[Site "Montreal CAN"]
[Date "2010.11.27"]
[Round "2"]
[White "Guo, Forest"]
[Black "Yu, Kexin"]
[Result "1/2-1/2"]
[WhiteElo "1863"]
[BlackElo "1614"]
[PlyCount "42"]
[EventDate "2010.11.26"]
[EventType "swiss"]
[EventRounds "5"]
[EventCountry "CAN"]

1. e4 e5 2. Nf3 Nc6 3. Bb5 a6 4. Ba4 Nf6 5. Qe2 b5 6. Bb3 Be7 7. c3 d6 8. O-O
O-O 9. Re1 Bg4 10. d3 h6 11. h3 Bh5 12. Nbd2 Na5 13. Bc2 c5 14. Nf1 b4 15. Ng3
Bg6 16. Nh4 Nc6 17. Ngf5 Nh5 18. Nxe7+ Qxe7 19. Qg4 Qe8 20. Nf5 Qd8 21. Bb3 Kh7
1/2-1/2

[Event "Quebec-ch U14"]
[Site "Montreal CAN"]
[Date "2010.11.27"]
[Round "2"]
[White "Xu, Tian Run"]
[Black "Luo, Zhao Yang"]
[Result "0-1"]
[WhiteElo "1624"]
[BlackElo "1963"]
[PlyCount "90"]
[EventDate "2010.11.26"]
[EventType "swiss"]
[EventRounds "5"]
[EventCountry "CAN"]

1. e4 c6 2. d4 d5 3. e5 c5 4. c3 Nc6 5. Nf3 Bg4 6. Be2 e6 7. Bf4 cxd4 8. cxd4
Qb6 9. Nbd2 Bb4 10. O-O Nge7 11. Nb3 Nf5 12. Be3 O-O 13. Rc1 a5 14. a3 Be7 15.
Qd2 Qxb3 16. Rc3 Qb6 17. Rd1 Rfc8 18. h3 Bh5 19. g4 Nxe3 20. Rxe3 Bg6 21. h4
Be4 22. g5 a4 23. h5 Na5 24. Bd3 Nb3 25. Qe2 Nc1 26. Qd2 Nxd3 27. Rxd3 Bxd3 28.
Qxd3 Qb3 29. g6 Qxd3 30. gxf7+ Kxf7 31. Rxd3 Rc2 32. Nh2 Rxb2 33. Rf3+ Kg8 34.
Ng4 Rb3 35. Ne3 Rxa3 36. Rg3 Ra1+ 37. Kg2 a3 38. h6 g6 39. Ng4 a2 40. Nf6+ Bxf6
41. exf6 Kf7 42. Rc3 Rg1+ 43. Kh2 Rh1+ 44. Kg2 a1=Q 45. Rc7+ Kxf6 0-1

[Event "Quebec-ch U14"]
[Site "Montreal CAN"]
[Date "2010.11.27"]
[Round "3"]
[White "Luo, Zhao Yang"]
[Black "Yun, Chang"]
[Result "0-1"]
[WhiteElo "1963"]
[BlackElo "1757"]
[PlyCount "82"]
[EventDate "2010.11.26"]
[EventType "swiss"]
[EventRounds "5"]
[EventCountry "CAN"]

1. Nf3 Nf6 2. c4 g6 3. d4 Bg7 4. Nc3 O-O 5. e4 d6 6. Be2 e5 7. O-O Nbd7 8. d5
Nc5 9. Bg5 a5 10. Nd2 h6 11. Bxf6 Bxf6 12. Nb3 b6 13. Nxc5 bxc5 14. a3 Bd7 15.
Rb1 a4 16. Bg4 Be8 17. Re1 Bg5 18. Qc2 h5 19. Bh3 Bh6 20. Red1 Kg7 21. g3 g5
22. Bf5 Bd7 23. f3 g4 24. fxg4 Be3+ 25. Kg2 hxg4 26. Qe2 Bxf5 27. Qxe3 Bd7 28.
Rf1 Rh8 29. Rf2 f6 30. Rbf1 Rh6 31. Qe2 Qe7 32. Nd1 Rah8 33. Kg1 Kf8 34. Ne3
Qg7 35. Nd1 Ke7 36. Rg2 Qg6 37. Nc3 f5 38. Qc2 f4 39. gxf4 g3 40. Rxg3 Qxg3+
41. hxg3 Rh1+ 0-1

[Event "Quebec-ch U14"]
[Site "Montreal CAN"]
[Date "2010.11.27"]
[Round "3"]
[White "Xu, Tian Run"]
[Black "Guo, Forest"]
[Result "0-1"]
[WhiteElo "1624"]
[BlackElo "1863"]
[PlyCount "104"]
[EventDate "2010.11.26"]
[EventType "swiss"]
[EventRounds "5"]
[EventCountry "CAN"]

1. d4 d5 2. c4 e6 3. Nc3 c6 4. Nf3 dxc4 5. e4 b5 6. Be3 Nf6 7. Qc2 Bb7 8. a3 a6
9. Be2 Be7 10. O-O O-O 11. Rfd1 Nbd7 12. Nd2 Qc7 13. f4 c5 14. f5 cxd4 15. Bxd4
Bc5 16. Nf3 e5 17. Bxc5 Nxc5 18. Nd5 Nxd5 19. exd5 Qd6 20. Rd2 Nb3 21. Rad1
Nxd2 22. Rxd2 Qc5+ 23. Kh1 Bxd5 24. Nxe5 Bxg2+ 25. Kxg2 Qxe5 26. Bf3 Rad8 27.
Re2 Qf6 28. Kf1 Rd3 29. Be4 Rb3 30. Rg2 Rd8 31. a4 bxa4 32. Qxc4 Rxb2 33. Rxb2
Qxb2 34. Qxa4 Qb5+ 35. Qxb5 axb5 36. Ke2 b4 37. Bb1 f6 38. Bd3 Kf8 39. Kd2 Ke7
40. Kc2 Rd4 41. Be2 Kd6 42. Kb3 Kc5 43. h3 Rf4 44. Bg4 Rc4 45. Kb2 Rc3 46. h4
g6 47. fxg6 hxg6 48. Be6 Rc4 49. Bf7 Rxh4 50. Bxg6 Rh3 51. Bc2 Rh2 52. Kb3 Rxc2
0-1

[Event "Quebec-ch U14"]
[Site "Montreal CAN"]
[Date "2010.11.28"]
[Round "4"]
[White "Luo, Zhao Yang"]
[Black "Yu, Kexin"]
[Result "1-0"]
[WhiteElo "1963"]
[BlackElo "1614"]
[PlyCount "94"]
[EventDate "2010.11.26"]
[EventType "swiss"]
[EventRounds "5"]
[EventCountry "CAN"]

1. d4 Nf6 2. c4 e6 3. Bg5 Be7 4. Nf3 d5 5. Nc3 b6 6. cxd5 Nxd5 7. Nxd5 exd5 8.
Bxe7 Qxe7 9. e3 Nd7 10. Be2 Qb4+ 11. Qd2 Qxd2+ 12. Nxd2 Bb7 13. Rc1 Rc8 14. O-O
O-O 15. Rc3 a6 16. Rfc1 c5 17. dxc5 Nxc5 18. Bf3 Rcd8 19. Nb3 Ne4 20. Rc7 Ba8
21. Nd4 Ng5 22. Be2 a5 23. Bg4 Ne4 24. Nf5 Nf6 25. Bh3 g6 26. Ne7+ Kg7 27. Nc8
b5 28. Ra7 Ne4 29. Rxa8 f5 30. Ra7+ Kh6 31. Nb6 Rd6 32. Nc8 Rdd8 33. Ne7 Rfe8
34. Rcc7 d4 35. Nc6 Rd5 36. Nxd4 Nf6 37. g3 b4 38. Ra6 Ne4 39. Nxf5+ Rxf5 40.
Bxf5 Ng5 41. h4 Nf3+ 42. Kg2 Rf8 43. Kxf3 Rxf5+ 44. Ke2 Rb5 45. g4 b3 46. a3 a4
47. f3 Rb7 1-0